| Tag |
First Indicator |
Second Indicator |
Subfields |
| LEADER |
00000cam a2200000 i 4500 |
| 001 |
in00000042892 |
| 005 |
20151007064921.0 |
| 008 |
800304s1979 miu b 00110 eng |
| 010 |
|
|
|a 79054691
|
| 020 |
|
|
|a 081031410X
|
| 035 |
|
|
|a (OCoLC)05794854
|
| 035 |
|
|
|9 AAE0883AM
|
| 040 |
|
|
|a DLC
|c DLC
|d TXA
|d UtOrBLW
|
| 043 |
|
|
|a n-us---
|
| 049 |
|
|
|a TXAM
|c [1383508]
|
| 050 |
0 |
0 |
|a Z7963.E2
|b W53
|a LC1752
|
| 082 |
0 |
|
|a 016.376
|
| 100 |
1 |
|
|a Wilkins, Kay S.
|
| 245 |
1 |
0 |
|a Women's education in the United States :
|b a guide to information sources /
|c Kay S. Wilkins.
|
| 264 |
|
1 |
|a Detroit :
|b Gale Research Co.,
|c [1979]
|
| 264 |
|
4 |
|c ©1979
|
| 300 |
|
|
|a x, 217 pages ;
|c 23 cm.
|
| 336 |
|
|
|a text
|b txt
|2 rdacontent
|
| 337 |
|
|
|a unmediated
|b n
|2 rdamedia
|
| 338 |
|
|
|a volume
|b nc
|2 rdacarrier
|
| 490 |
1 |
|
|a Education information guide series ;
|v v. 4
|
| 500 |
|
|
|a Includes indexes.
|
| 650 |
|
0 |
|a Women
|x Education
|z United States
|x Bibliography.
|
| 650 |
|
0 |
|a Women
|x Education
|x Information services
|z United States.
|
| 830 |
|
0 |
|a Gale information guide library.
|p Education information guide series ;
|v v. 4.
|
| 999 |
|
|
|a MARS
|
| 999 |
f |
f |
|s cbe66ec0-3468-3d3d-b805-b4e20bca4cc3
|i e8944e3f-4fd0-3bd3-a1e5-06ad841d152d
|t 0
|
| 952 |
f |
f |
|p ric
|a Texas A&M University
|b Rellis Campus
|c Joint Library Facility
|d Remote Storage
|t 0
|e Z7963.E2 W53
|h Library of Congress classification
|i unmediated -- volume
|m A14805817483
|
| 998 |
f |
f |
|a Z7963.E2 W53
|t 0
|l Remote Storage
|